000
00353nam a2200157Ia 4500
003
OSt
005
20240327162247.0
008
170524s9999 xx 000 0 und d
020
_a
978-0071086967
040
_c
iimtu meerut
100
_a
ZEITHAML- VA
100
_c
2005
245
0
_a
SERVICE MARKETING
260
_a
TATA MC GRAW HILL
942
_2
ddc
_c
02
999
_c
2171
_d
2171